Vákuová technika cvičenia

Bibliographic Details
Main Authors: Bello, Igor (Author), Dúbravcová, Viera (Author)
Format: Book
Language:Slovak
PhysicalDescription:143 s. sch., tab. 29 cm
Published: Bratislava Slovenská vysoká škola technická 1981
Edition:2. vyd.
Subjects:

MARC

LEADER 00000cam a2200000 a 4500
001 vtls001097695
003 SK-MaSNL
005 20260301104853.0
008 250313s1981 xo a e n 000 0 slo
015 |a SNBA1981 
035 |a SNK000040537 
035 |a urn:nbn:sk:snk-aml9qz 
035 |a urn:nbn:sk:snk-am008ra3 
035 |a 687425B0-A125-491F-9EAF-4FA29973D538 
040 |a SNK  |b slo  |c SNK  |e AACR2 
041 0 |a slo 
044 |a xo  |c SK 
080 |a 531.788(075.8)(076.5)  |2 1981 
100 1 |a Bello, Igor  |4 aut  |9 377324 
245 1 0 |a Vákuová technika  |b cvičenia  |c Igor Bello, Viera Dúbravcová 
250 |a 2. vyd. 
260 |a Bratislava  |b Slovenská vysoká škola technická  |c 1981 
300 |a 143 s.  |b sch., tab.  |c 29 cm 
366 |e 50 výt. 
504 |a Bibliogr. odkazy 
650 0 7 |a vákuová technika  |2 SNKPH  |9 73248 
655 7 |a učebnice vysokých škôl  |2 SNKPH  |9 70191 
655 7 |a praktické cvičenia  |2 SNKPH  |9 70517 
700 1 |a Dúbravcová, Viera  |4 aut  |9 299034 
852 |a Slovenská národná knižnica 
958 |a OND 
958 |a RM 
958 |a UV 
958 |a NB 
999 |c 699334  |d 701264 
952 |a SNK  |b SNK  |y PREZ  |7 0  |p 17A0981184  |o snkSB 33203  |i snkKSP 3143/82  |0 0  |1 0  |4 0  |d 2014-12-04  |f 1  |l 0  |r 2025-04-08 00:00:00  |w 2026-02-23 
952 |a SNK  |b SNK  |y VYP  |7 0  |o snkSB 33203 D1  |i snkKSP 3144/82  |0 0  |1 0  |4 0  |d 2014-12-04  |l 0  |r 2026-02-23 20:53:03  |w 2026-02-23